| 000 | 00710nam a22002177a 4500 | ||
|---|---|---|---|
| 999 |
_c1153 _d1153 |
||
| 003 | AR-CdUCM | ||
| 008 | 190226b ||||| |||| 00| 0 spa d | ||
| 040 |
_aMUNICIPALIDAD PROVINCIAL DEL CUSCO _cBIBLIOTECA MUNICIPAL DEL CUSCO |
||
| 082 |
_a928.820 / _bS47B |
||
| 100 |
_aBentley, Eric Russell _94520 |
||
| 245 |
_aBernard Shaw : _bel hombre y su obra / |
||
| 260 |
_aMéxico, D.F : _bGrijalbo S.A., _c1958. |
||
| 300 |
_a221 páginas ; _bláminas, retratos ; _c21 cm. |
||
| 440 |
_aBiografías Gandesa _94521 |
||
| 650 |
_aAutores ingleses _94522 |
||
| 650 |
_aBiografía _922 |
||
| 650 |
_a1856-1950. _94523 |
||
| 700 |
_aRamos Oliveira, Antonio _94524 |
||
| 942 |
_2ddc _cLIBROS |
||
| 945 |
_araen _d2019-02-26 |
||